00391nam a2200133 a 4500008004100000050001500041100001800056245006700074260004500141300001700186350000900203650001200212650003300224120416s1969 ||||||||||||||||| || u aGN 480 For aFortes, Meyer10aKinship and the social order: the legacy of Lewis Henry Morgan aLondonbRoutledge and Kegan Paulc[1969] a[xii], 347p. a0.00 aCULTURE aKINSHIP--MORGAN, LEWIS HENRY